Phòng trừ sâu hại bằng công nghệ vi sinh

Cuốn sách" Phòng trừ sâu hại bằng công nghệ vi sinh" trình bày các phương pháp phòng sâu hại bằng vi sinh vật gây bệnh côn trùng bao gồm nấm, vi khuẩn, virus, riketsia, động vật nguyên sinh, tuyến trùng nhằm giúp người nông dân phòng tr...

詳細記述

保存先:
書誌詳細
フォーマット: 図書
言語:Undetermined
出版事項: Hà Nội Lao động 2006
主題:
タグ: タグ追加
タグなし, このレコードへの初めてのタグを付けませんか!
Thư viện lưu trữ: Trung tâm Học liệu Trường Đại học Cần Thơ
LEADER 01043nam a2200205Ia 4500
001 CTU_121132
008 210402s9999 xx 000 0 und d
020 |c 14000 
082 |a 632.9 
082 |b Ph431 
245 0 |a Phòng trừ sâu hại bằng công nghệ vi sinh 
245 0 |c Chu Thị Thơm, Phan Thị Lài, Nguyễn Văn Tó (biên soạn) 
260 |a Hà Nội 
260 |b Lao động 
260 |c 2006 
520 |a Cuốn sách" Phòng trừ sâu hại bằng công nghệ vi sinh" trình bày các phương pháp phòng sâu hại bằng vi sinh vật gây bệnh côn trùng bao gồm nấm, vi khuẩn, virus, riketsia, động vật nguyên sinh, tuyến trùng nhằm giúp người nông dân phòng trừ được sâu hại, trồng cây cho năng suất cao 
650 |a Plants,Plants, protection of 
650 |x Diseases and pests resistance 
904 |i Năm 
980 |a Trung tâm Học liệu Trường Đại học Cần Thơ